| 000 | 00629nam a2200241Ia 4500 | ||
|---|---|---|---|
| 003 | OSt | ||
| 005 | 20221005085354.0 | ||
| 006 | a|||||r|||| 00| 0 | ||
| 007 | ta | ||
| 008 | 221004b |||||||| |||| 00| 0 eng d | ||
| 024 | _a76141 | ||
| 037 | _cTextual | ||
| 040 |
_aCRL _cCRL _beng |
||
| 041 |
_2eng _aeng |
||
| 082 | _aO111973x, J2 | ||
| 100 | _aBrooks Van Wyck | ||
| 245 | 0 | _aFlowering of New England | |
| 260 |
_aNew York _bE .P . Dutton &b Co. Inc. _c1957 |
||
| 300 |
_a563p. _ccm. |
||
| 650 | _aENGLISH LITERATURE | ||
| 942 |
_hO111973x, J2 _cTEXL _2cc |
||
| 999 |
_c994118 _d994118 |
||